Guess The Rookie Character By Their Relationships - Statistics

General Stats
  • This quiz has been taken 2,041 times
  • The average score is 9 of 10
Answer Stats
Hint Answer % Correct
Wesley Evers Angela Lopez
99%
Bailey Nune, Jessica Russo,Lucy Chen, Grace Sawyer John Nolan
99%
Tim Bradford, John Nolan, Emmit Lang, Chris Stanford Lucy Chen
99%
Lucy Chen, Ashley McGrady,Rachael Hall, Isabel Bradford Tim Bradford
99%
James Murray, Alonzo Smith,Donavon Town Nyla Harper
93%
Angela Lopez, Monica Stevens Wesley Evers
92%
John Nolan, Jason Wyler Bailey Nune
90%
Luna Grey Wade Grey
90%
Sterling Freeman, Gino Brown Jackson West
74%
Nell Forester Ellroy Basso
28%
No matching quizzes found
Score Distribution
Percent of People with Each Score
Percentile by Number Answered
Your Score History
You have not taken this quiz